00487nam a22001337a 450000500170000000800410001704100130005808200150007110000460008624501560013226000090028830000310029765000250032820231129083931.0231129b |||||||| |||| 00| 0 eng d aEnglish  a340.07 VAN aVan der Walt, JC and Wilson, KAlEnglish  aThe Training of Candidate Attorneys in South Africa : bA Report to the Association of Law Societies of South Africa / cJC Van der Walt and KA Wilson  c1983 bvii, 237 pages ; c22 cm.  aLegal practice bLaw